• 首页
  • 本馆介绍
  • 公告通知
  • 最新文献
  • 馆藏检索
  • 电子资源
  • 读者导购
  • 参考咨询
  • 我的图书馆
  • 登录
  • 详细信息显示
  • 放入我的书架
  • 预约/预借图书
  • 作者相关作品
  • 分类相关作品
  • 丛书相关作品
  • 出版社相关作品

书目信息

  • 表格格式
  • 工作单格式
  • 卡片格式
题名:
国际图书馆协会联合会第48届至50届大会论文选译
    
 
作者: ;文化部图书馆事业管理局科教处 , 中国图书馆学会编辑出版社工作委员会 , 北京图书馆图书馆学研究部 编
分册:  
出版信息: 北京   书目文献出版社  1987
页数: 376页
开本: 26cm
丛书名:
单 册:
中图分类: G259.1-53
科图分类:
主题词: 图书馆学--国际会议--会议录
电子资源:
ISBN:
000 01050nam0 2200265 45
001 0187002333
005 20061027111132.81
010    @dCNY3.95
091    @aCN@b7201.147
100    @a19901031d1987 k y0chiy0121 ea
101 0  @achi
102    @aCN@b110000
105    @ay z 100yy
200 10 @a国际图书馆协会联合会第48届至50届大会论文选译@Aguo ji tu shu guan xie hui lian he hui di 48 jie zhi 50 jie da hui lun wen xuan yi@f文化部图书馆事业管理局科教处等编
210    @a北京@c书目文献出版社@d1987
215    @a376页@d26cm
601 02 @a国际图书馆协会联合会@x论文
606    @a图书馆学@x国际会议@x会议录
690    @aG259.1-53@v3
711 02 @a文化部图书馆事业管理局科教处@Awen hua bu tu shu guan shi ye guan li ju ke jiao chu@4编
711 02 @a中国图书馆学会编辑出版社工作委员会@Azhong guo tu shu guan xue hui bian ji chu ban she gong zuo wei yuan hui@4编
711 02 @a北京图书馆图书馆学研究部@Abei jing tu shu guan tu shu guan xue yan jiu bu@4编
801  2 @aCN@bNLC@c20061027
801  0 @aCN@bTSSF
905    @a10447@dG259.1-53@e11:1
    
    国际图书馆协会联合会第48届至50届大会论文选译/文化部图书馆事业管理局科教处等编.-北京:书目文献出版社,1987
    376页;26cm
    
    
    ISBN :CNY3.95
    
●
相关链接 在E读中查询图书 在五车中查询图书 在当当中查询图书 在豆瓣中查询图书


正题名:国际图书馆协会联合会第48届至50届大会论文选译     索取号:G259.1-53/11:1         预约/预借

序号 登录号 条形码 馆藏地/架位号 状态 备注
1 0272320   000215298   第一样本阅览室/ [索取号:G259.1-53/11:1] 在馆    
2 0272321   000214798   密集书库/ [索取号:G259.1-53/11:1] 在馆    
唐山师范学院图书馆 欢迎您!
大连网信软件有限公司© 版权所有